000 00593nam a22001817a 4500
005 20251108164042.0
008 250721s1994 xx 000 0 ara d
082 1 4 _a216,8/عطي
100 1 _aأبو عطيه، السيد
245 1 0 _aنحو نظرية إسلامية جنائية للقضاء على ظاهرة المخدرات /
264 1 _aالإسكندرية :
_bمؤسسة الثقافة الجامعية،
_c1994.
300 _a110ص
650 1 7 _aالعقوبات
650 1 7 _aالقانون الجنائي
650 1 7 _aالمخدرات
942 _2ddc
_cBK
999 _c2382
_d2382